Statistics for Paris SG Squad 2015-2016

Click here to take the quiz!

General Stats

  • This quiz has been taken 65 times
    (46 since last reset)
  • The average score is 19 of 25

Answer Stats

Nbr Post Nationality Player % Correct
2CBBrazilThiago Silva
100%
9STUruguayEdinson Cavani
100%
10STSwedenZlatan Ibrahimovic
97%
6CMItalyMarco Verratti
97%
7RWBrazilLucas Moura
92%
11CAMArgentinaAngel Di Maria
92%
14CDMFranceBlaise Matuidi
92%
27CMArgentinaJavier Pastore
89%
5CBBrazilMarquinhos
87%
16GKGermanyKevin Trapp
87%
19RBCote d'IvoireSerge Aurier
87%
22LWArgentinaEzequiel Lavezzi
84%
32CBBrazilDavid Luiz
84%
30GKItalySalvatore Sirigu
84%
8CDMItalyThiago Motta
84%
23RBNetherlandsGregory van der Wiel
82%
17LBBrazilMaxwell
79%
25CMFranceAdrien Rabiot
76%
20LBFranceLayvin Kurzawa
74%
1GKFranceNicolas Douchez
58%
29STFranceJean-Kévin Augustin
45%
3CBFrancePresnel Kimpembe
45%
4CDMFranceBenjamin Stambouli
42%
35LWFranceHervin Ongenda
37%
31LBFranceYoussouf Sabaly
13%

Score Distribution

Percentile by Number Answered

Percent of People with Each Score

Your Score History

You have not taken this quiz since the last reset